|
|
|
|
| LEADER |
00000naa2a2200000 4500 |
| 001 |
427152 |
| 005 |
20231101074626.0 |
| 035 |
|
|
|a (RuTPU)RU\TPU\prd\86276
|
| 035 |
|
|
|a RU\TPU\prd\13263
|
| 090 |
|
|
|a 427152
|
| 100 |
|
|
|a 20100903a2003 k y0rusy50 ca
|
| 101 |
0 |
|
|a rus
|
| 102 |
|
|
|a RU
|
| 200 |
1 |
|
|a Аналитический Фурье-спектрометр АФ-1 широкого применения
|f А. А. Балашов, В. А. Вагин, А. В. Висковатых и др.
|
| 225 |
1 |
|
|a Общая экспериментальная техника
|
| 320 |
|
|
|a Библиогр.: 4 назв.
|
| 461 |
|
1 |
|0 (RuTPU)RU\TPU\prd\300
|x 0032-8162
|t Приборы и техника эксперимента
|f Российская академия наук
|d 1956-
|
| 463 |
|
1 |
|0 (RuTPU)RU\TPU\prd\86261
|t № 2
|v с. 87-89
|d 2003
|
| 610 |
1 |
|
|a Фурье-спектрометры
|
| 610 |
1 |
|
|a аналитические приборы
|
| 675 |
|
|
|a 535.853.4
|v 3
|
| 701 |
|
1 |
|a Балашов
|b А. А.
|
| 701 |
|
1 |
|a Вагин
|b В. А.
|
| 701 |
|
1 |
|a Висковатых
|b А. В.
|
| 701 |
|
1 |
|a Жижин
|b Г. Н.
|
| 701 |
|
1 |
|a Пустовойт
|b В. И.
|
| 701 |
|
1 |
|a Хорохорин
|b А. И.
|
| 801 |
|
1 |
|a RU
|b 63413507
|c 20030430
|g PSBO
|
| 801 |
|
2 |
|a RU
|b 63413507
|c 20100903
|g RCR
|
| 942 |
|
|
|c BK
|